000 00447nam a22001937a 4500
003 MPLRDC
005 20220104143904.0
008 210129b ||||| |||| 00| 0 eng d
020 _a957-467-382-0
082 _a857.7 MLS v.51
100 _a虫虫 著
245 _a绿叶爬错墙
_c
250 _a第一版
260 _a
_b梦工厂
_c2001
300 _b
490 _a麻辣SHOP系列; 51
650 _a
942 _cBK
_o857.7 MLS v.51
999 _c44334
_d44324